| 000 | 00834nam a2200289 i 4500 | ||
|---|---|---|---|
| 001 | 16614 | ||
| 003 | ES-MaACL | ||
| 005 | 20230906151348.0 | ||
| 007 | t| | ||
| 008 | 001019s1991 sp ||||0| spa d | ||
| 016 | 7 | _zCHM920018387 | |
| 020 | _a84-7509-667-0 | ||
| 040 |
_aM-BN _bspa _cCHM |
||
| 080 | _a659.1 | ||
| 100 | 1 |
_aMattelart, Armand. _979114 |
|
| 245 | 1 | 3 |
_aLa publicidad / _cArmand Mattelart ; [traducción de Antonio López Ruíz]. |
| 250 | _a[1ª ed.]. | ||
| 260 |
_aBarcelona [etc.] : _bPaidós, _c1991. |
||
| 300 |
_a135 p. ; _c23 cm. |
||
| 490 | 1 |
_aPaidós comunicación ; _v45 |
|
| 650 | 1 | 4 |
_aPublicidad. _916609 |
| 700 | 1 |
_aLópez Ruiz, Antonio. _973943 |
|
| 830 | 0 |
_aPaidós comunicación ; _v45 _9177927 |
|
| 852 |
_aES-MaACL _jL-23847 _bR.128628 |
||
| 999 |
_c16614 _d16614 |
||